000 00483nam a2200133 4500
999 _c11275
_d11275
008 181112b ||||| |||| 00| 0 eng d
082 _aDPer 050 T48 Apr - June 2016, v. 187 n. 12-24
100 _932472
_aMcCants, William
245 _aHow Western Europe became a prime battleground in the war against terror/
_cWilliam McCants.
260 _aHong Kong;
_bTime Asia,
_cc2016.
300 _av187 n12, page 20:
_billustrations;
_c27cm.
650 0 _932473
_aTerrorism.
942 _2ddc
_cPER